[Event "ODJM B 2023"]
[Site "Willingen GER"]
[Date "2023.05.30"]
[Round "4"]
[White "Retzlaff, Kian"]
[Black "John, Niklas"]
[Result "0-1"]
[Termination "normal"]
[Board "5"]
[WhiteElo "1663"]
[BlackElo "1652"]
[WhiteClock "00:21:00"]
[BlackClock "00:26:58"]
[PlyCount "132"]
[WhiteFideId "34606700"]
[BlackFideId "16234626"]
[EventCountry "GER"]
[EventRounds "9"]
[EventType "swiss"]
[EventDate "2023.05.27"]

1. e4 {[%clk 01:30:58]} c5 {[%clk 01:30:47]} {[%emt 00:00:14]} 2. Nf3 {[%clk
01:31:21]} {[%emt 00:00:06]} d6 {[%clk 01:31:09]} {[%emt 00:00:09]} 3. d4
{[%clk 01:31:46]} {[%emt 00:00:04]} cxd4 {[%clk 01:31:30]} {[%emt 00:00:10]} 4.
Nxd4 {[%clk 01:32:11]} {[%emt 00:00:05]} Nf6 {[%clk 01:31:30]} {[%emt
00:00:30]} 5. Nc3 {[%clk 01:32:23]} {[%emt 00:00:17]} g6 {[%clk 01:31:25]}
{[%emt 00:00:36]} 6. f3 {[%clk 01:32:40]} {[%emt 00:00:11]} Bg7 {[%clk
01:31:31]} {[%emt 00:00:26]} 7. Be3 {[%clk 01:32:46]} {[%emt 00:00:24]} O-O
{[%clk 01:31:29]} {[%emt 00:00:33]} 8. Qd2 {[%clk 01:33:11]} {[%emt 00:00:04]}
Nc6 {[%clk 01:31:25]} {[%emt 00:00:34]} 9. O-O-O {[%clk 01:33:30]} {[%emt
00:00:10]} d5 {[%clk 01:29:33]} {[%emt 00:02:23]} 10. exd5 {[%clk 01:33:42]}
{[%emt 00:00:17]} Nxd5 {[%clk 01:29:43]} {[%emt 00:00:21]} 11. Nxc6 {[%clk
01:32:07]} {[%emt 00:02:04]} bxc6 {[%clk 01:29:49]} {[%emt 00:00:25]} 12. Bd4
{[%clk 01:31:40]} {[%emt 00:00:55]} Bxd4 {[%clk 01:21:44]} {[%emt 00:08:37]}
13. Qxd4 {[%clk 01:31:52]} {[%emt 00:00:17]} Qc7 {[%clk 01:19:58]} {[%emt
00:02:16]} 14. Bc4 {[%clk 01:17:43]} {[%emt 00:14:36]} Nxc3 {[%clk 00:42:15]}
{[%emt 00:38:17]} 15. Qxc3 {[%clk 01:17:43]} {[%emt 00:00:30]} Bb7 {[%clk
00:41:31]} {[%emt 00:01:14]} 16. h4 {[%clk 00:57:12]} {[%emt 00:21:00]} Rad8
{[%clk 00:32:58]} {[%emt 00:09:03]} 17. h5 {[%clk 00:37:17]} {[%emt 00:20:25]}
Qf4+ {[%clk 00:22:23]} {[%emt 00:11:05]} 18. Kb1 {[%clk 00:37:38]} {[%emt
00:00:10]} Qf6 {[%clk 00:15:05]} {[%emt 00:07:47]} 19. hxg6 {[%clk 00:23:22]}
{[%emt 00:14:45]} hxg6 {[%clk 00:13:01]} {[%emt 00:02:36]} 20. Bxf7+ {[%clk
00:22:39]} {[%emt 00:01:13]} Kxf7 {[%clk 00:07:44]} {[%emt 00:05:47]} 21. Rxd8
{[%clk 00:22:13]} {[%emt 00:00:55]} Rxd8 {[%clk 00:07:25]} {[%emt 00:00:50]}
22. Qb3+ {[%clk 00:22:26]} {[%emt 00:00:17]} Rd5 {[%clk 00:05:45]} {[%emt
00:02:09]} 23. c4 {[%clk 00:20:13]} {[%emt 00:02:43]} Rd7 {[%clk 00:05:29]}
{[%emt 00:00:46]} 24. a3 {[%clk 00:17:30]} {[%emt 00:03:13]} c5 {[%clk
00:03:27]} {[%emt 00:02:32]} 25. Qe3 {[%clk 00:15:39]} {[%emt 00:02:20]} Qd4
{[%clk 00:02:21]} {[%emt 00:01:37]} 26. Qh6 {[%clk 00:13:21]} {[%emt 00:02:49]}
Qg7 {[%clk 00:01:29]} {[%emt 00:01:21]} 27. Qf4+ {[%clk 00:12:48]} {[%emt
00:01:03]} Qf6 {[%clk 00:01:10]} {[%emt 00:00:50]} 28. Qh6 {[%clk 00:10:39]}
{[%emt 00:02:39]} Rd6 {[%clk 00:00:32]} {[%emt 00:01:08]} 29. Rh4 {[%clk
00:09:46]} {[%emt 00:01:23]} Rd4 {[%clk 00:00:33]} {[%emt 00:00:29]} 30. Rh1
{[%clk 00:06:52]} {[%emt 00:03:25]} Ba6 {[%clk 00:00:39]} {[%emt 00:00:23]} 31.
Re1 {[%clk 00:06:15]} {[%emt 00:01:07]} Rh4 {[%clk 00:00:36]} {[%emt 00:00:32]}
32. Qe3 {[%clk 00:05:52]} {[%emt 00:00:54]} Bxc4 {[%clk 00:00:42]} {[%emt
00:00:24]} 33. g3 {[%clk 00:04:21]} {[%emt 00:02:01]} Rh2 {[%clk 00:00:38]}
{[%emt 00:00:34]} 34. Qe5 {[%clk 00:03:57]} {[%emt 00:00:53]} Qxe5 {[%clk
00:00:36]} {[%emt 00:00:33]} 35. Rxe5 {[%clk 00:04:18]} {[%emt 00:00:09]} Bb3
{[%clk 00:00:34]} {[%emt 00:00:31]} 36. Re1 {[%clk 00:03:33]} {[%emt 00:01:16]}
Rd2 {[%clk 00:00:33]} {[%emt 00:00:32]} 37. Kc1 {[%clk 00:02:40]} {[%emt
00:01:22]} Rc2+ {[%clk 00:00:54]} {[%emt 00:00:09]} 38. Kb1 {[%clk 00:02:52]}
{[%emt 00:00:18]} Rf2 {[%clk 00:01:18]} {[%emt 00:00:06]} 39. f4 {[%clk
00:02:50]} {[%emt 00:00:32]} Rd2 {[%clk 00:01:17]} {[%emt 00:00:31]} 40. Kc1
{[%clk 00:03:00]} {[%emt 00:00:20]} Rc2+ {[%clk 00:01:37]} {[%emt 00:00:11]}
41. Kb1 {[%clk 00:03:23]} {[%emt 00:00:07]} Rg2 {[%clk 00:00:58]} {[%emt
00:01:08]} 42. Rc1 {[%clk 00:01:01]} {[%emt 00:02:52]} Rd2 {[%clk 00:00:35]}
{[%emt 00:00:53]} 43. Rxc5 {[%clk 00:30:07]} {[%emt 00:01:24]} Rd1+ {[%clk
00:30:37]} {[%emt 00:00:28]} 44. Rc1 {[%clk 00:30:00]} {[%emt 00:00:37]} Rxc1+
{[%clk 00:30:10]} {[%emt 00:00:57]} 45. Kxc1 {[%clk 00:30:23]} {[%emt
00:00:07]} Ke6 {[%clk 00:29:56]} {[%emt 00:00:44]} 46. Kd2 {[%clk 00:30:31]}
{[%emt 00:00:22]} Kf5 {[%clk 00:29:29]} {[%emt 00:00:56]} 47. Ke3 {[%clk
00:26:22]} {[%emt 00:04:38]} Kg4 {[%clk 00:28:53]} {[%emt 00:01:07]} 48. Kf2
{[%clk 00:26:28]} {[%emt 00:00:23]} Bd5 {[%clk 00:29:04]} {[%emt 00:00:21]} 49.
a4 {[%clk 00:21:02]} {[%emt 00:05:56]} a5 {[%clk 00:28:55]} {[%emt 00:00:38]}
50. Ke3 {[%clk 00:19:18]} {[%emt 00:02:14]} Kxg3 {[%clk 00:28:51]} {[%emt
00:00:35]} 51. Kd4 {[%clk 00:19:29]} {[%emt 00:00:18]} Bb3 {[%clk 00:28:37]}
{[%emt 00:00:44]} 52. Ke5 {[%clk 00:19:25]} {[%emt 00:00:35]} Kg4 {[%clk
00:28:09]} {[%emt 00:00:57]} 53. Ke4 {[%clk 00:19:13]} {[%emt 00:00:43]} Bxa4
{[%clk 00:28:18]} {[%emt 00:00:21]} 54. Ke5 {[%clk 00:18:31]} {[%emt 00:01:11]}
Bc2 {[%clk 00:27:53]} {[%emt 00:00:55]} 55. Ke6 {[%clk 00:18:35]} {[%emt
00:00:26]} Kxf4 {[%clk 00:28:06]} {[%emt 00:00:18]} 56. Kxe7 {[%clk 00:18:43]}
{[%emt 00:00:22]} g5 {[%clk 00:28:22]} {[%emt 00:00:13]} 57. Kd6 {[%clk
00:19:04]} {[%emt 00:00:10]} g4 {[%clk 00:28:36]} {[%emt 00:00:15]} 58. Kc5
{[%clk 00:19:14]} {[%emt 00:00:20]} g3 {[%clk 00:28:47]} {[%emt 00:00:19]} 59.
Kb5 {[%clk 00:19:09]} {[%emt 00:00:35]} g2 {[%clk 00:28:43]} {[%emt 00:00:35]}
60. Kxa5 {[%clk 00:19:35]} {[%emt 00:00:05]} g1=Q {[%clk 00:28:54]} {[%emt
00:00:17]} 61. b4 {[%clk 00:19:56]} {[%emt 00:00:09]} Ke5 {[%clk 00:28:46]}
{[%emt 00:00:38]} 62. b5 {[%clk 00:20:04]} {[%emt 00:00:22]} Kd5 {[%clk
00:28:31]} {[%emt 00:00:45]} 63. b6 {[%clk 00:20:20]} {[%emt 00:00:15]} Kc5
{[%clk 00:27:51]} {[%emt 00:01:10]} 64. Ka6 {[%clk 00:20:24]} {[%emt 00:00:26]}
Qg6 {[%clk 00:27:16]} {[%emt 00:00:58]} 65. Ka7 {[%clk 00:20:42]} {[%emt
00:00:19]} Qxb6+ {[%clk 00:27:26]} {[%emt 00:00:19]} 66. Ka8 {[%clk 00:21:00]}
{[%emt 00:00:13]} Be4# {[%clk 00:26:58]} {[%emt 00:00:20]} 0-1

[Event "ODJM B 2023"]
[Site "Willingen GER"]
[Date "2023.05.30"]
[Round "4"]
[White "Mainka, Ingmar"]
[Black "Selzer, Luca"]
[Result "1/2-1/2"]
[Termination "normal"]
[Board "6"]
[WhiteElo "1546"]
[BlackElo "1472"]
[WhiteClock "01:16:13"]
[BlackClock "01:08:33"]
[PlyCount "65"]
[WhiteFideId "16254937"]
[BlackFideId "34660364"]
[EventCountry "GER"]
[EventRounds "9"]
[EventType "swiss"]
[EventDate "2023.05.27"]

1. e4 {[%clk 01:30:58]} {[%emt 00:00:01]} d5 {[%clk 01:30:56]} {[%emt
00:00:05]} 2. exd5 {[%clk 01:31:22]} {[%emt 00:00:06]} Qxd5 {[%clk 01:31:22]}
{[%emt 00:00:04]} 3. Nc3 {[%clk 01:31:47]} {[%emt 00:00:05]} Qa5 {[%clk
01:31:44]} {[%emt 00:00:08]} 4. Bc4 {[%clk 01:31:51]} {[%emt 00:00:26]} Nf6
{[%clk 01:31:22]} {[%emt 00:00:52]} 5. d3 {[%clk 01:31:47]} {[%emt 00:00:34]}
c6 {[%clk 01:31:29]} {[%emt 00:00:24]} 6. Bf4 {[%clk 01:31:34]} {[%emt
00:00:41]} Bf5 {[%clk 01:30:11]} {[%emt 00:01:48]} 7. Qd2 {[%clk 01:30:33]}
{[%emt 00:01:31]} Nbd7 {[%clk 01:29:55]} {[%emt 00:00:46]} 8. Nf3 {[%clk
01:30:39]} {[%emt 00:00:24]} e6 {[%clk 01:29:36]} {[%emt 00:00:50]} 9. h3
{[%clk 01:29:55]} {[%emt 00:01:13]} Bb4 {[%clk 01:29:15]} {[%emt 00:00:52]} 10.
Nh4 {[%clk 01:29:30]} {[%emt 00:00:55]} Bg6 {[%clk 01:28:51]} {[%emt 00:00:54]}
11. Nxg6 {[%clk 01:28:49]} {[%emt 00:01:10]} hxg6 {[%clk 01:29:16]} {[%emt
00:00:05]} 12. O-O {[%clk 01:29:00]} {[%emt 00:00:19]} Nd5 {[%clk 01:27:59]}
{[%emt 00:01:48]} 13. Bxd5 {[%clk 01:29:20]} {[%emt 00:00:10]} cxd5 {[%clk
01:28:07]} {[%emt 00:00:22]} 14. a3 {[%clk 01:27:42]} {[%emt 00:02:07]} Bxc3
{[%clk 01:27:16]} {[%emt 00:01:21]} 15. Qxc3 {[%clk 01:27:41]} {[%emt
00:00:31]} Qxc3 {[%clk 01:27:41]} {[%emt 00:00:06]} 16. bxc3 {[%clk 01:28:08]}
{[%emt 00:00:03]} Rc8 {[%clk 01:27:54]} {[%emt 00:00:16]} 17. Rfb1 {[%clk
01:28:04]} {[%emt 00:00:35]} b6 {[%clk 01:27:42]} {[%emt 00:00:43]} 18. Rb3
{[%clk 01:26:53]} {[%emt 00:01:39]} O-O {[%clk 01:26:37]} {[%emt 00:01:35]} 19.
a4 {[%clk 01:25:50]} {[%emt 00:01:34]} a5 {[%clk 01:16:51]} {[%emt 00:10:16]}
20. Be3 {[%clk 01:24:24]} {[%emt 00:01:55]} Rc6 {[%clk 01:17:15]} {[%emt
00:00:07]} 21. Rab1 {[%clk 01:24:24]} {[%emt 00:00:29]} Rb8 {[%clk 01:16:37]}
{[%emt 00:01:09]} 22. Kf1 {[%clk 01:24:39]} {[%emt 00:00:15]} Kf8 {[%clk
01:16:09]} {[%emt 00:00:58]} 23. Ke1 {[%clk 01:24:47]} {[%emt 00:00:21]} Ke7
{[%clk 01:15:40]} {[%emt 00:00:59]} 24. Kd2 {[%clk 01:24:51]} {[%emt 00:00:26]}
Kd8 {[%clk 01:15:26]} {[%emt 00:00:44]} 25. Rb5 {[%clk 01:24:37]} {[%emt
00:00:44]} f6 {[%clk 01:11:27]} {[%emt 00:04:30]} 26. f3 {[%clk 01:21:04]}
{[%emt 00:04:02]} Ke7 {[%clk 01:08:16]} {[%emt 00:03:41]} 27. Bf2 {[%clk
01:20:27]} {[%emt 00:01:07]} Kf7 {[%clk 01:08:05]} {[%emt 00:00:41]} 28. R1b3
{[%clk 01:19:05]} {[%emt 00:01:53]} g5 {[%clk 01:08:17]} {[%emt 00:00:17]} 29.
Be3 {[%clk 01:16:49]} {[%emt 00:02:46]} Kg6 {[%clk 01:08:05]} {[%emt 00:00:42]}
30. Rb1 {[%clk 01:16:51]} {[%emt 00:00:28]} Kf7 {[%clk 01:07:51]} {[%emt
00:00:44]} 31. R1b2 {[%clk 01:15:25]} {[%emt 00:01:56]} Kg6 {[%clk 01:08:11]}
{[%emt 00:00:10]} 32. Rb1 {[%clk 01:15:50]} {[%emt 00:00:06]} Kf7 {[%clk
01:08:33]} {[%emt 00:00:08]} 33. R1b2 {[%clk 01:16:13]} {[%emt 00:00:07]}
1/2-1/2

[Event "ODJM B 2023"]
[Site "Willingen GER"]
[Date "2023.05.30"]
[Round "4"]
[White "Schöne, Finn"]
[Black "Groessing, Daniel-Yosuke"]
[Result "0-1"]
[Termination "normal"]
[Board "7"]
[WhiteElo "1411"]
[BlackElo "1615"]
[WhiteClock "00:20:56"]
[BlackClock "00:19:28"]
[PlyCount "136"]
[WhiteFideId "34623493"]
[BlackFideId "1682237"]
[EventCountry "GER"]
[EventRounds "9"]
[EventType "swiss"]
[EventDate "2023.05.27"]

1. e4 {[%clk 01:30:53]} {[%emt 00:00:06]} e6 {[%clk 01:30:46]} {[%emt
00:00:14]} 2. d4 {[%clk 01:31:08]} {[%emt 00:00:16]} d5 {[%clk 01:31:10]}
{[%emt 00:00:06]} 3. e5 {[%clk 01:31:22]} {[%emt 00:00:15]} c5 {[%clk
01:31:27]} {[%emt 00:00:13]} 4. c3 {[%clk 01:31:10]} {[%emt 00:00:43]} Nc6
{[%clk 01:31:51]} {[%emt 00:00:06]} 5. Ne2 {[%clk 01:27:26]} {[%emt 00:04:14]}
Bd7 {[%clk 01:30:54]} {[%emt 00:01:27]} 6. Ng3 {[%clk 01:20:03]} {[%emt
00:07:52]} Nge7 {[%clk 01:28:34]} {[%emt 00:02:50]} 7. Be3 {[%clk 01:11:59]}
{[%emt 00:08:34]} Ng6 {[%clk 01:23:19]} {[%emt 00:05:44]} 8. Bd3 {[%clk
01:08:05]} {[%emt 00:04:25]} Qb6 {[%clk 01:17:33]} {[%emt 00:06:16]} 9. Qb3
{[%clk 00:35:39]} {[%emt 00:32:56]} Qc7 {[%clk 01:12:00]} {[%emt 00:06:03]} 10.
Be2 {[%clk 00:27:17]} {[%emt 00:08:52]} Be7 {[%clk 01:09:55]} {[%emt 00:02:35]}
11. O-O {[%clk 00:26:07]} {[%emt 00:01:40]} O-O {[%clk 01:07:24]} {[%emt
00:03:01]} 12. f4 {[%clk 00:25:57]} {[%emt 00:00:40]} c4 {[%clk 00:57:31]}
{[%emt 00:10:24]} 13. Qc2 {[%clk 00:25:46]} {[%emt 00:00:41]} f6 {[%clk
00:57:13]} {[%emt 00:00:48]} 14. Nd2 {[%clk 00:22:22]} {[%emt 00:03:53]} f5
{[%clk 00:55:15]} {[%emt 00:02:28]} 15. Bh5 {[%clk 00:20:18]} {[%emt 00:02:34]}
Be8 {[%clk 00:52:51]} {[%emt 00:02:55]} 16. Bxg6 {[%clk 00:15:29]} {[%emt
00:05:18]} Bxg6 {[%clk 00:52:48]} {[%emt 00:00:33]} 17. Rf3 {[%emt 00:04:59]}
Qd8 {[%clk 00:48:37]} 18. Bf2 {[%clk 00:12:14]} {[%emt 00:03:57]} b5 {[%clk
00:46:36]} {[%emt 00:02:31]} 19. Ndf1 {[%clk 00:09:09]} {[%emt 00:03:34]} a5
{[%clk 00:44:05]} {[%emt 00:03:02]} 20. h3 {[%clk 00:09:10]} {[%emt 00:00:29]}
b4 {[%clk 00:42:30]} {[%emt 00:02:05]} 21. Ne3 {[%clk 00:08:31]} {[%emt
00:01:08]} a4 {[%clk 00:40:45]} {[%emt 00:02:17]} 22. Ne2 {[%clk 00:07:36]}
{[%emt 00:01:24]} Bh5 {[%clk 00:38:02]} {[%emt 00:03:13]} 23. g4 {[%clk
00:07:16]} {[%emt 00:00:51]} fxg4 {[%clk 00:37:45]} {[%emt 00:00:46]} 24. hxg4
{[%clk 00:07:34]} {[%emt 00:00:12]} Bg6 {[%clk 00:37:55]} {[%emt 00:00:20]} 25.
f5 {[%clk 00:07:18]} {[%emt 00:00:47]} Bh4 {[%clk 00:27:48]} {[%emt 00:10:35]}
26. Bxh4 {[%clk 00:03:23]} {[%emt 00:04:26]} Qxh4 {[%clk 00:28:05]} {[%emt
00:00:13]} 27. Kg2 {[%clk 00:03:41]} {[%emt 00:00:12]} exf5 {[%clk 00:26:53]}
{[%emt 00:01:43]} 28. gxf5 {[%clk 00:03:56]} {[%emt 00:00:14]} Bh5 {[%clk
00:26:06]} {[%emt 00:01:17]} 29. Rh3 {[%clk 00:03:37]} {[%emt 00:00:43]} Qg5+
{[%clk 00:25:00]} {[%emt 00:01:42]} 30. Rg3 {[%clk 00:04:01]} {[%emt 00:00:07]}
Qd8 {[%clk 00:24:03]} {[%emt 00:01:25]} 31. Rh1 {[%clk 00:03:46]} {[%emt
00:00:46]} b3 {[%clk 00:21:06]} {[%emt 00:03:27]} 32. axb3 {[%emt 00:00:46]}
axb3 {[%clk 00:20:42]} {[%emt 00:00:52]} 33. Qd2 {[%clk 00:03:39]} {[%emt
00:00:22]} Be8 {[%clk 00:16:03]} {[%emt 00:05:10]} 34. f6 {[%clk 00:02:42]}
{[%emt 00:01:28]} Ra7 {[%clk 00:13:34]} {[%emt 00:02:59]} 35. Nf5 {[%clk
00:02:31]} {[%emt 00:00:40]} Bg6 {[%clk 00:12:17]} {[%emt 00:01:47]} 36. Nxg7
{[%clk 00:02:05]} {[%emt 00:00:56]} Rxg7 {[%clk 00:11:54]} {[%emt 00:00:52]}
37. fxg7 {[%clk 00:02:31]} {[%emt 00:00:05]} Be4+ {[%clk 00:11:15]} {[%emt
00:01:08]} 38. Kg1 {[%clk 00:02:20]} {[%emt 00:00:42]} Rf7 {[%clk 00:10:04]}
{[%emt 00:01:38]} 39. Rhh3 {[%clk 00:01:51]} {[%emt 00:01:02]} Qd7 {[%clk
00:09:21]} {[%emt 00:01:14]} 40. Qh6 {[%clk 00:01:12]} {[%emt 00:01:08]} Qf5
{[%clk 00:07:34]} {[%emt 00:02:16]} 41. Qf4 {[%clk 00:24:42]} {[%emt 00:07:01]}
Qxf4 {[%clk 00:36:34]} {[%emt 00:01:30]} 42. Nxf4 {[%clk 00:25:10]} {[%emt
00:00:01]} Rxf4 {[%clk 00:36:48]} {[%emt 00:00:17]} 43. Rh6 {[%clk 00:25:15]}
{[%emt 00:00:24]} Bg6 {[%clk 00:35:53]} {[%emt 00:01:24]} 44. Rgxg6 {[%clk
00:23:51]} {[%emt 00:01:56]} hxg6 {[%clk 00:36:16]} {[%emt 00:00:07]} 45. Rxg6
{[%clk 00:24:14]} {[%emt 00:00:08]} Ne7 {[%clk 00:34:51]} {[%emt 00:01:53]} 46.
Rg5 {[%clk 00:23:35]} {[%emt 00:01:10]} Kh7 {[%clk 00:30:38]} {[%emt 00:04:42]}
47. Kg2 {[%clk 00:21:45]} {[%emt 00:02:21]} Rf7 {[%clk 00:30:04]} {[%emt
00:01:04]} 48. Rh5+ {[%clk 00:20:22]} {[%emt 00:01:53]} Kg6 {[%clk 00:28:46]}
{[%emt 00:01:37]} 49. Rh8 {[%clk 00:19:29]} {[%emt 00:01:34]} Rxg7 {[%clk
00:28:24]} {[%emt 00:00:52]} 50. Kf3 {[%clk 00:19:30]} {[%emt 00:00:28]} Rh7
{[%clk 00:25:25]} {[%emt 00:03:29]} 51. Rxh7 {[%clk 00:19:16]} {[%emt
00:00:45]} Kxh7 {[%clk 00:25:49]} {[%emt 00:00:06]} 52. Kf4 {[%clk 00:19:33]}
{[%emt 00:00:12]} Kg6 {[%clk 00:25:42]} {[%emt 00:00:36]} 53. Kg4 {[%clk
00:20:00]} {[%emt 00:00:05]} Kf7 {[%clk 00:25:22]} {[%emt 00:00:50]} 54. Kf4
{[%clk 00:19:17]} {[%emt 00:01:12]} Ke6 {[%clk 00:25:34]} {[%emt 00:00:18]} 55.
Ke3 {[%clk 00:19:16]} {[%emt 00:00:32]} Kf5 {[%clk 00:24:08]} {[%emt 00:01:57]}
56. Ke2 {[%clk 00:18:52]} {[%emt 00:00:53]} Ke4 {[%clk 00:21:00]} {[%emt
00:03:38]} 57. Kd2 {[%clk 00:19:03]} {[%emt 00:00:20]} Kf3 {[%clk 00:21:04]}
{[%emt 00:00:26]} 58. Kd1 {[%clk 00:19:01]} {[%emt 00:00:31]} Nc6 {[%clk
00:20:59]} {[%emt 00:00:36]} 59. Kd2 {[%clk 00:18:31]} {[%emt 00:01:00]} Kf2
{[%clk 00:21:07]} {[%emt 00:00:22]} 60. Kd1 {[%clk 00:18:53]} {[%emt 00:00:08]}
Ke3 {[%clk 00:21:16]} {[%emt 00:00:21]} 61. Ke1 {[%clk 00:19:07]} {[%emt
00:00:16]} Kd3 {[%clk 00:21:16]} {[%emt 00:00:30]} 62. Kd1 {[%clk 00:19:23]}
{[%emt 00:00:14]} Ne7 {[%clk 00:21:35]} {[%emt 00:00:10]} 63. Kc1 {[%clk
00:19:31]} {[%emt 00:00:22]} Ke2 {[%clk 00:21:51]} {[%emt 00:00:14]} 64. Kb1
{[%clk 00:19:42]} {[%emt 00:00:19]} Kd1 {[%clk 00:21:41]} {[%emt 00:00:41]} 65.
Ka1 {[%clk 00:20:05]} {[%emt 00:00:07]} Kc1 {[%clk 00:18:55]} {[%emt 00:03:16]}
66. e6 {[%clk 00:20:27]} {[%emt 00:00:07]} Nf5 {[%clk 00:19:10]} {[%emt
00:00:15]} 67. e7 {[%clk 00:20:53]} {[%emt 00:00:04]} Ne3 {[%clk 00:19:30]}
{[%emt 00:00:10]} 68. e8=Q {[%clk 00:20:56]} {[%emt 00:00:27]} Nc2# {[%clk
00:19:28]} {[%emt 00:00:01]} 0-1

[Event "ODJM B 2023"]
[Site "Willingen GER"]
[Date "2023.05.30"]
[Round "4"]
[White "Glotz, Richard"]
[Black "Hoffmann, Alexander"]
[Result "0-1"]
[Termination "normal"]
[Board "8"]
[WhiteElo "1591"]
[BlackElo "1568"]
[WhiteClock "00:11:42"]
[BlackClock "00:32:44"]
[PlyCount "40"]
[WhiteFideId "34601520"]
[BlackFideId "16240219"]
[EventCountry "GER"]
[EventRounds "9"]
[EventType "swiss"]
[EventDate "2023.05.27"]

1. e4 {[%clk 01:30:59]} {[%emt 00:00:01]} e5 {[%clk 01:30:53]} {[%emt
00:00:08]} 2. Nf3 {[%clk 01:31:09]} {[%emt 00:00:19]} Nc6 {[%clk 01:31:16]}
{[%emt 00:00:07]} 3. Bc4 {[%clk 01:31:33]} {[%emt 00:00:06]} Nf6 {[%clk
01:31:35]} {[%emt 00:00:11]} 4. Ng5 {[%clk 01:31:56]} {[%emt 00:00:07]} d5
{[%clk 01:31:52]} {[%emt 00:00:13]} 5. exd5 {[%clk 01:32:18]} {[%emt 00:00:09]}
Na5 {[%clk 01:32:14]} {[%emt 00:00:07]} 6. Bb5+ {[%clk 01:32:38]} {[%emt
00:00:11]} c6 {[%clk 01:32:36]} {[%emt 00:00:08]} 7. dxc6 {[%clk 01:33:01]}
{[%emt 00:00:07]} bxc6 {[%clk 01:32:58]} {[%emt 00:00:07]} 8. Bd3 {[%clk
01:33:23]} {[%emt 00:00:08]} Nd5 {[%clk 01:33:06]} {[%emt 00:00:22]} 9. Nf3
{[%clk 01:11:19]} {[%emt 00:22:34]} Bd6 {[%clk 01:20:32]} {[%emt 00:13:04]} 10.
O-O {[%clk 01:06:34]} {[%emt 00:05:14]} O-O {[%clk 01:18:24]} {[%emt 00:02:39]}
11. Re1 {[%clk 00:56:23]} {[%emt 00:10:40]} Re8 {[%clk 01:15:59]} {[%emt
00:02:56]} 12. Be2 {[%clk 00:43:03]} {[%emt 00:13:49]} e4 {[%clk 00:58:23]}
{[%emt 00:18:06]} 13. Nd4 {[%clk 00:43:20]} {[%emt 00:00:14]} Qf6 {[%clk
00:58:17]} {[%emt 00:00:36]} 14. Nb3 {[%clk 00:40:15]} {[%emt 00:03:35]} Nxb3
{[%clk 00:44:43]} {[%emt 00:14:04]} 15. axb3 {[%clk 00:40:35]} {[%emt
00:00:10]} Nf4 {[%clk 00:38:59]} {[%emt 00:06:14]} 16. d3 {[%clk 00:33:23]}
{[%emt 00:07:42]} Nxg2 {[%clk 00:35:01]} {[%emt 00:04:28]} 17. Kxg2 {[%clk
00:17:08]} {[%emt 00:16:44]} Qh4 {[%clk 00:34:02]} {[%emt 00:01:30]} 18. Bh5
{[%clk 00:13:27]} {[%emt 00:04:11]} Qh3+ {[%clk 00:32:17]} {[%emt 00:02:14]}
19. Kg1 {[%clk 00:11:30]} {[%emt 00:02:28]} Bxh2+ {[%clk 00:32:28]} {[%emt
00:00:19]} 20. Kh1 {[%clk 00:11:42]} {[%emt 00:00:18]} Bg3+ {[%clk 00:32:44]}
{[%emt 00:00:13]} 0-1